| 000 | 01293nam a2200373 a 4500 | ||
|---|---|---|---|
| 003 | CHAP | ||
| 005 | 20220817044440.0 | ||
| 008 | 110524s2010 mx 00010 spa d | ||
| 010 | _a101277 | ||
| 011 | _a102249 | ||
| 020 | _a9788074941661 | ||
| 035 | _a112937 | ||
| 040 | _cCHAP | ||
| 090 | _aCD-360 | ||
| 110 | 1 | _aInstituto Nacional de Estadística y Geografía. México | |
| 245 | 1 | 0 |
_aColima : _bcompendio censal del siglo XX [Disco compacto] _c/por Instituto Nacional de Estadística y Geografía |
| 260 |
_aAguascalientes, Ags. : _bINEGI, _c2010 |
||
| 300 |
_a1 disco compacto : _c4 3/4 plgs. |
||
| 490 | 0 | _aMemoria | |
| 530 | _atambièn disponible en lìnea | ||
| 590 |
_aBATCH-UPD _b10 _c20130110 _lUCH01 _h1813 |
||
| 590 |
_aBATCH-UPD _b10 _c20130410 _lUCH01 _h1148 |
||
| 590 |
_aBATCH-UPD _b10 _c20130914 _lUCH01 _h1008 |
||
| 590 |
_aBATCH-UPD _b10 _c20140324 _lUCH01 _h1525 |
||
| 590 |
_aBATCH-UPD _b10 _c20141002 _lUCH01 _h0849 |
||
| 590 |
_aCONVERSION _b10 _c20130109 _lUCH01 _h1356 |
||
| 650 | 1 | 4 |
_aColima _xCensos. _925158 |
| 650 | 1 | 4 |
_aColima _xEstadísticas. _925165 |
| 830 | 0 |
_aMemoria _974510 |
|
| 856 |
_3finding aid _uhttp://10.13.5.2/tesis/112937.pdf. _zTeclea aqui |
||
| 901 | _aBK | ||
| 942 | _cCD | ||
| 949 |
_aCD-360 _bBC _cCD _d33724002251595 _eCD _gDonaciØn _i112937 _sb |
||
| 999 |
_c101277 _d101277 |
||